00658nam a2200181Ia 4500003000400000005001700004008004100021040000900062082002100071100002300092245004000115260004000155300000900195650012300204942000900327952012100336999001900457OSt20220421065552.0211119s9999||||xx |||||||||||||| ||und|| csbcl a894.8124 bSAH-S aSahadevan, Pavumba 0aSwathanthriyathinte Thathwasasthram bPheonix BooksaKarunagappallyc2008 a192p a Literature & rhetoricvLiteratures of other languagesAltaic, Uralic, Hyperborean & Dravidian GeneraliaxGeneral stack cBOOK 00102ddc4070aSBCLbSBCLc2d2021-11-19g200.00o894.8124 SAH-Sp00131080r2021-11-19 00:00:00w2021-11-19yBOOK c117598d117598